| 000 | 00433nam a2200157Ia 4500 | ||
|---|---|---|---|
| 008 | 210716s2011 xx 000 0 und d | ||
| 020 | _a9788120329706 | ||
| 041 | _aeng | ||
| 082 | _a174.4 VELM | ||
| 100 | _aVelasquez, Manuel G. | ||
| 245 |
_aBusiness ethics: concepts and cases. _bConcepts and cases |
||
| 250 | _a6 | ||
| 260 |
_aNew Delhi _bPrentice Hall of India PVt Ltd _c2011 |
||
| 300 | _ax,437 | ||
| 650 | _aBusiness Ethics | ||
| 999 |
_c198980 _d198980 |
||